| 000 | 00320nam a2200133 a 4500 | ||
|---|---|---|---|
| 001 | 4269 | ||
| 003 | CDMR | ||
| 005 | 20130116135254.0 | ||
| 008 | 130130s1986||||||||||||||||||||||||||||d | ||
| 040 |
_aCDMR _bcat _cCDMR |
||
| 245 | 0 | _aCrónica del siglo XX | |
| 260 |
_aEsplugues de Llobregat _c1986 _bPlaza & Janés |
||
| 942 | _cMON | ||
| 999 |
_c4269 _d4269 |
||